Perfection : (Record no. 8509)

MARC details
000 -LEADER
fixed length control field 00852nam a22002057a 4500
003 - CONTROL NUMBER IDENTIFIER
control field GBCCL
005 - DATE AND TIME OF LATEST TRANSACTION
control field 20241126110652.0
008 - FIXED-LENGTH DATA ELEMENTS--GENERAL INFORMATION
fixed length control field 210310b ||||| |||| 00| 0 eng d
020 ## - INTERNATIONAL STANDARD BOOK NUMBER
International Standard Book Number 9781602582446 (cloth : alk. paper)
020 ## - INTERNATIONAL STANDARD BOOK NUMBER
International Standard Book Number 1602582440 (cloth : alk. paper)
040 ## - CATALOGING SOURCE
Transcribing agency GBC
082 ## - DEWEY DECIMAL CLASSIFICATION NUMBER
Classification number 179.9
Item number HYD
100 ## - MAIN ENTRY--PERSONAL NAME
Personal name Hyde, Michael J.,
Dates associated with a name 1950-
9 (RLIN) 14962
245 ## - TITLE STATEMENT
Title Perfection :
Remainder of title coming to terms with being human /
Statement of responsibility, etc. Michael J. Hyde.
260 ## - PUBLICATION, DISTRIBUTION, ETC.
Place of publication, distribution, etc. Waco, Tex. :
Name of publisher, distributor, etc. Baylor University Press,
Date of publication, distribution, etc. ©2010.
300 ## - PHYSICAL DESCRIPTION
Extent xvii, 322 p. :
Other physical details ill. ;
Dimensions 24 cm.
505 ## - FORMATTED CONTENTS NOTE
Formatted contents note Coming to terms with perfection --<br/>God on a good day --<br/>Interpreting the call --<br/>The otherness all around us --<br/>Reason --<br/>Beauty --<br/>The lived body --<br/>The good life, the good death --<br/>The biotechnology debate --<br/>On being an oxymoron.
650 ## - SUBJECT ADDED ENTRY--TOPICAL TERM
Topical term or geographic name entry element Perfection.
9 (RLIN) 14963
942 ## - ADDED ENTRY ELEMENTS (KOHA)
Source of classification or shelving scheme Dewey Decimal Classification
Koha item type Books
Holdings
Withdrawn status Lost status Source of classification or shelving scheme Damaged status Not for loan Home library Current Library Shelving location Date acquired Total checkouts Full call number Barcode Date last seen Copy number Price effective from Koha item type
    Dewey Decimal Classification     GRACE BIBLE COLLEGE GRACE BIBLE COLLEGE Philosophy and Religion 2021-03-10   179.9 HYD 020138 2025-05-01 c.1 2021-03-10 Books
© Grace Bible College Library 2025